Ajoutez de 1 à 4 lettre(s) pour trouver 1 des 100 plus grandes villes - Statistiques

Statistiques générales
  • Ce quiz a été pris 40 fois
  • Le résultat moyen est 12 sur 100
Statistiques - réponses
Mot Ville Nbre de lettres % Correct
Nie Nice 1
84%
Pu Pau 1
71%
Ace Caen 1
39%
Ours Tours 1
37%
Aluna-sos-Bio Aulnay-sous-Bois 3
29%
Boxeur Bordeaux 2
24%
Piquer Quimper 1
24%
Sait-Des Saint-Denis 3
24%
Xi-en-Coréen Aix-en-Provence 3
21%
Sis-les-Moineaux Issy-les-Moulineaux 3
21%
Ile Lille 2
21%
Cyan Annecy 2
18%
On Lyon 2
18%
Nan Nancy 2
18%
Nulle-sur-Sein Neuilly-sur-Seine 3
18%
Lance Valence 2
18%
Macro Colmar 1
16%
Nid Dijon 2
16%
Armées Marseille 3
16%
Et Metz 2
16%
Nem Nîmes 2
16%
Air Paris 2
16%
Ans-Ides Saint-Denis 3
16%
Venielle-d'As Villeneuve-d'Ascq 4
16%
Vulnérable Villeurbanne 2
16%
Reines-sur-Nées Asnières-sur-Seine 3
13%
Longue-Brouillant Boulogne-Billancourt 3
13%
Set Brest 2
13%
Cils Calais 2
13%
Camping-sur-Mare Champigny-sur-Marne 3
13%
Eduquer Dunkerque 2
13%
Choléra La Rochelle 3
13%
Humus Mulhouse 3
13%
Rôle Orléans 3
13%
Rue Rouen 2
13%
Anis-Nient Saint-Etienne 3
13%
Ragouts Strasbourg 3
13%
Ont Toulon 3
13%
Cacao Ajaccio 2
11%
Gars Angers 2
11%
Anion Avignon 2
11%
Sbire Béziers 2
11%
Nans Cannes 2
11%
Rot-de-Café Fort-de-France 3
11%
Enrole Grenoble 2
11%
Ri-sur-Sene Ivry-sur-Seine 4
11%
Larve Le Havre 2
11%
Entoiler Montpellier 3
11%
Angine Perpignan 3
11%
Eres Rennes 2
11%
Oraux Roubaix 2
11%
Anis-Arena Saint-Nazaire 3
11%
Usuel Toulouse 3
11%
Store Troyes 1
11%
Unisexe Vénissieux 3
11%
Laverie Versailles 3
11%
Tir-sur-Sien Vitry-sur-Seine 3
11%
Emis Amiens 2
8%
Verbaliser Aubervilliers 3
8%
Montre-Renard Clermont-Ferrand 3
8%
Etre Créteil 3
8%
Ver-Courrouces Evry-Courcouronnes 4
8%
Sale Le Mans 2
8%
Volaille-Père Levallois-Perret 3
8%
Sigle Limoges 2
8%
Anse Nantes 2
8%
Roi Niort 2
8%
Pain Pantin 2
8%
Mis Reims 2
8%
Sain-Rire Saint-Pierre 3
8%
Crouton Tourcoing 2
8%
Biens Antibes 2
5%
Géniteur Argenteuil 2
5%
Abonné Besançon 2
5%
Gober Bourges 2
5%
Erg Cergy 2
5%
Marche Chambéry 2
5%
Hic Clichy 3
5%
Bouvier Courbevoie 3
5%
Yard Drancy 2
5%
Alenes-sur-Ré La Seyne-sur-Mer 2
5%
Le Clan-Slim Le Blanc Mesnil 3
5%
Tenir Lorient 2
5%
Oasis-Afro Maisons-Alfort 4
5%
Loutre Montreuil 3
5%
Rareté Nanterre 2
5%
Yins-le-Dan Noisy-le-Grand 3
5%
Irisé Poitiers 3
5%
Lieu-Malsain Rueil-Malmaison 3
5%
Tain-Ram-des-Oses Saint-Maur-des-Fossés 4
5%
Tas-Alu Saint-Paul 3
5%
Escales Sarcelles 2
5%
Année Cayenne 2
3%
Brochure-en-Coitte Cherbourg-en-Cotentin 3
3%
Oboles Colombes 2
3%
Cigare Mérignac 2
3%
Manant Montauban 3
3%
Anon Antony 2
0%
Mental Le Tampon 2
0%
Sacs Pessac 2
0%
Aucun quiz correspondant
Distribution des résultats
% des personnes avec chaque résultat
Percentile par nombre de réponses
Votre historique - résultats
Vous n’avez pas pris ce quiz